Normal view
MARC view
- التعليم-مكافحة الأمية-الجمعيات النسائية-الأردن
Entry Topical Term
001 - CONTROL NUMBER
- control field: 19259
003 - CONTROL NUMBER IDENTIFIER
- control field: JO-AjAnu
005 - DATE AND TIME OF LATEST TRANSACTION
- control field: 20230606073352.0
008 - FIXED-LENGTH DATA ELEMENTS
- fixed length control field: 230606|| aca||aabn | a|a d
040 ## - CATALOGING SOURCE
- Original cataloging agency: JO-AjAnu
- Transcribing agency: JO-AjAnu
150 ## - HEADING--TOPICAL TERM
- Topical term or geographic name entry element: التعليم-مكافحة الأمية-الجمعيات النسائية-الأردن
670 ## - SOURCE DATA FOUND
- Source citation: Work cat.: (JO-AjAnu)9885: نمر،كمال كامل عبدالحميد, author 19258, دور الجمعيات النسائية في مكافحة الأمية